| 000 | 00777nam a22002417a 4500 | ||
|---|---|---|---|
| 003 | BD-DhJNU | ||
| 005 | 20250910043053.0 | ||
| 008 | 250910b |||||||| |||| 00| 0 eng d | ||
| 020 | _a9780074602256 | ||
| 020 | _a007460225X | ||
| 040 |
_aBD-DhJNU _bENG _cBD-DhJNU _dBD-DhJNU |
||
| 082 |
_223 _a537 MAE |
||
| 100 | _aMahajan , A. S | ||
| 245 |
_aElectricity and magnetism / _cA. S. Mahajan and A. A. Rangwala |
||
| 260 |
_aNew Delhi : _bTata McGraw Hill Education, _c2011. |
||
| 300 |
_axi, 608p. : _bill. ; _c23 cm. |
||
| 504 | _aIncludes bibliographical references and index | ||
| 650 | _aElectric Charge and Electric Field | ||
| 650 | _a Magnetic Field and Magnetic Flux | ||
| 650 | _aElectromagnetic Induction | ||
| 700 | _aRangwala , A. A | ||
| 942 |
_2ddc _cBK _n0 |
||
| 999 |
_c2101 _d2101 |
||